| 000 | 00495nam a2200205Ia 4500 | ||
|---|---|---|---|
| 008 | 210210b2002 xxu||||| |||| 00| 0 eng d | ||
| 020 | _a0 19 963875 6 | ||
| 082 | _a581.88 GILM | ||
| 100 | _aGILMARTIN (Philip M) | ||
| 245 | _aMolecular plant biology V1 | ||
| 260 |
_aOxford _bOxford University Press., _c2002 |
||
| 300 | _axx,274 | ||
| 650 | _aV1 | ||
| 650 | _aplant | ||
| 650 | _aMolecular | ||
| 650 | _abiology | ||
| 690 | _aBotany | ||
| 700 | _aBOWLER (Chris) | ||
| 906 | _a058898 | ||
| 999 |
_c106206 _d106206 |
||